Polskie miasta nad Bałtykiem - Statystyki

Ogólne statystyki
  • Ten quiz został rozwiązany 8 396 razy
  • Średni wynik to 10 z 16
Statystyki odpowiedzi
ludność województwo Miasto % Poprawnych
1 464 254 pomorskie Gdańsk
99%
2 246 306 pomorskie Gdynia
98%
5 36 533 pomorskie Sopot
90%
3 46 568 zachodniopomorskie Kołobrzeg
83%
12 3 373 pomorskie Hel
76%
4 41 032 zachodniopomorskie Świnoujście
73%
9 10 009 pomorskie Władysławowo
66%
11 3 694 pomorskie Łeba
60%
6 15 709 pomorskie Ustka
60%
13 2 949 zachodniopomorskie Mielno
48%
14 2 736 pomorskie Jastarnia
46%
10 5 422 zachodniopomorskie Międzyzdroje
46%
7 13 924 zachodniopomorskie Darłowo
41%
16 1 302 pomorskie Krynica Morska
38%
8 11 265 pomorskie Puck
37%
15 2 707 zachodniopomorskie Dziwnów
23%
Nie znaleziono quizów pasujących do podanych kryteriów
Rozkład punktacji
Procent ludzi z każdym wynikiem
Percentyl według liczby udzielonych odpowiedzi
Twoja historia wyników
Nie rozwiązałeś tego quizu